| 000 | 00358nam a2200145Ia 4500 | ||
|---|---|---|---|
| 008 | 210716s1982 xx 000 0 und d | ||
| 020 | _a9780195651324 | ||
| 041 | _aeng | ||
| 082 | _a361 SENA | ||
| 100 | _aSen, Amartya. | ||
| 245 | _aChoice welfare and measurement. | ||
| 250 | _a1 | ||
| 260 |
_aNew Delhi _bOxford University Press _c1982 |
||
| 300 | _a460 | ||
| 999 |
_c201359 _d201359 |
||